000 00846nam a2200325 a 4500
003 AR-BaBNM
005 20251128205900.0
008 082120s2002 ||||||||||||||000 | spa||
020 _a84-387-0403-4
040 _cAR-BaBNM
245 0 0 _aLa improvisación en el lenguaje musical 1ero A
250 _a1ª ed.
260 _aMadrid
_bReal Musical
_c1996
300 _a88 p.
_bil.
650 4 _aEDUCACION MUSICAL
650 4 _aLENGUAJE
650 4 _aCREATIVIDAD
650 4 _aMETODOS DE ENSEÑANZA
650 4 _aCANTO
650 4 _aRITMO
650 4 _aINSTRUMENTOS MUSICALES
650 4 _aMOTIVACION DEL ALUMNO
650 4 _aACTIVIDADES DE APRENDIZAJE
700 1 _aMolina, Emilio
700 1 _aAriño, María Pilar
700 1 _aFernández, Dolores
700 1 _aRoncero, María Antonia
942 _cBK
998 _cCarmen
999 _c13138
_d13138